Managing Global Transitions

Gespeichert in:
Bibliographische Detailangaben
Format: Schriftenreihe
Sprache:Englisch
Veröffentlicht: Koper University of Primorska Press
Tags: Tag hinzufügen
Keine Tags, Fügen Sie das erste Tag hinzu!

MARC

LEADER 00000nas1a2200000 4500
001 0297150
005 20240417080453.5
022 |a 1854-6935 
022 |a 1581-6311 
041 0 |a eng 
044 |a SI 
245 1 0 |a Managing Global Transitions 
264 1 |a Koper  |b University of Primorska Press